000 02398nam1a2200337 i 4500
001 RU\NLR\bibl\1391829
005 20260408191249.0
035 _a(NLR Aleph) 001383862
090 _a1119105
_c1119105
100 _a20090713g20089999k y0rusy50 ca
101 0 _arus
102 _aRU
105 _a||||z |||||
200 1 _aОсобенности регулирования трудовых отношений: федеральный и региональный аспекты
_eсборник статей и материалов шестой Юбилейной научно-практической конференции студентов, аспирантов и преподавателей
_f[ред. кол.: д.ю.н., проф. Бачурин Д. В. (отв. ред.) и др.]
210 _aМинеральные Воды
_aПятигорск
_cРекламно-информационное агентство на КМВ
_d2008
215 _d21
300 _aВ надзаг.: Фил. негос. образоват. учреждения высш. проф. образования "Моск. ин-т предпринимательства и права" в г. Минеральные Воды
300 _aЗагл. обл.: Сборник статей и материалов
300 _aНа тит. л.: 10 лет филиалу НОУ ВПО "МИПП" в г. Минеральные Воды
463 0 _10011334960
512 1 _aСборник статей и материалов
606 _aТрудовые отношения
_xПравовое регулирование
_yРоссийская Федерация
_jСъезды, совещания и т.п.
_3RU\NLR\auth\661267418
_92094538
686 _aХ627.1я431
702 1 _4340
_8rus
_7ca
_aБачурин
_bД. В.
_cюрист
_gДмитрий Вячеславович
_3RU\NLR\auth\7774306
_957234
712 0 2 _4570
_aМосковский институт предпринимательства и права
_bФилиал
_cМинеральные Воды
_bЮбилейная научно-практическая конференция студентов, аспирантов и преподавателей
_d6
_f2008
_3RU\NLR\AUTH\8810129676
_9756126
801 0 _aRU
_bNLR
_c20090713
_gRCR
801 1 _aRU
_bNLR
_c20090713
852 _aNLR
_j2009-3/5639
942 _cBOOK